Datum a čas kvízu
24.5
Celkem bodů
Celkový počet nahraných bodů na tomto kvízu bez doplňovacích otázek.
5.
Pořadí na kvízu
Konečné umístění týmu na tomto kvízu.
Zaznamenané odpovědi
| # | Otázka | Odpověď | Body | Výsledky |
|---|---|---|---|---|
| 1. | Sobotní vyhlašování cen Český... | 1 | ||
| 2. | Do prodejny mobilů přišla žena... | 1 | ||
| 3. | Jak se nazývá animovaný snímek... | 1 | ||
| 4. | Minulý týden byla vydána další... | 0 | ||
| 5. | Petr Čech překonal v nedělním... | 1 | ||
| 6. | V tomto tématu si posvítíme na... | 0.5 | ||
| 7. | Které jsou nejrozšířenější jaz... | 0.5 | ||
| 8. | Největší jezera na světě co do... | 0 | ||
| 9. | Státy Jižní Ameriky podle počt... | 0 | ||
| 10. | Státy Evropské unie podle rozl... | 0 |